000 00630nam a2200193 a 4500
001 000048080
005 20201002060916.0
008 181113s2016 dr a 000 0 spa d
020 _a9789945167269
040 _aDO-SdBNP
_bspa
_cBNPHU
082 _axxxx
_bR696p
100 1 _aRodríguez Arias, Ramón Alcides,
_d1942-
_974533
245 1 0 _aPropedéutica policíaca /
_cRamón Alcides Rodríguez Arias.
260 _aSanto Domingo :
_bBuho,
_c2016.
300 _a125 p. :
_bil. ;
_c23 cm.
500 _aIncluye datos biográficos del autor en las solapas
504 _aBibliografía : p. 123-125
590 _aInventariado, 2018/LP
999 _c47568
_d47568